| 000 | 00617nam a2200193Ia 4500 | ||
|---|---|---|---|
| 003 | GCL | ||
| 008 | 140319s9999 xx 000 0 ara d | ||
| 040 |
_aGCL / _cGCL |
||
| 082 | 0 | 4 |
_a001.6424 _bم ا |
| 100 | 1 | _aمحمد جمال احمد قبيعة | |
| 245 | 1 | 0 |
_aاكسل 97 / _cمحمد جمال احمد قبيعة |
| 300 | _a328 ص | ||
| 490 |
_aمجموعة مايكروسوفت اوفيس _v0 |
||
| 650 | 0 | 4 | _aالحاسبات الالكترونية |
| 650 | 0 | 4 | _aالبرامج الالية |
| 650 | 0 | 4 | _aالحاسبات الالكترونية - برامج |
| 650 | 0 | 4 | _aالاكسل |
| 942 |
_2ddc _cBK |
||
| 999 |
_c52139 _d52139 |
||